Statistics for Minecraft mobs quiz

Click here to take the quiz!

General Stats

  • This quiz has been taken 36 times
    (11 since last reset)
  • The average score is 33 of 45

Answer Stats

HintAnswer% Correct
MooCow
100%
Drops Raw PorkchopPig
100%
The rare blue ___Axolotl
88%
*Peck*Peck*Bok*Chicken
88%
*Explosion*Creeper
88%
Swimming helperDolphin
88%
The final bossEnder Dragon
88%
Teleports when hitEnderman
88%
Can ride them places
and tame them
Horse
88%
Spits at youLlama
88%
Cute jungle animals that
like bamboo
Panda
88%
Tamable BirdParrot
88%
Helps give you woolSheep
88%
Shoot arrows at youSkeleton
88%
Green jumping mobSlime
88%
Neutral in daylightSpider
88%
Shoots inkSquid
88%
Give them emeralds to
trade
Villager
88%
Tamable dogWolf
88%
Infected humanZombie
88%
Shoots fireBlaze
75%
Found in mineshaftsCave Spider
75%
Flying white mobGhast
75%
Found in sea templesGuardian/
Elder Guardian
75%
Jumping lavaMagma Cuba
75%
Holds a golden
sword
Piglin
75%
Helps you cross lavaStrider
75%
Evokers spawn themVex
75%
Has 3 HeadsWither
75%
Creeper stuck by
lightning
Charger Creeper
63%
Water ZombieDrowned
63%
Spawns from endermen
or telepearls
Endermite
63%
Desert ZombieHusk
63%
Appears when player
hasn't slept for 3 game
days
Phantom
63%
Hides in stone blocksSilverfish
63%
Holds an iron axeVindicator
63%
Throws PotionsWitch
63%
Holds a stone swordWither skeleton
63%
Spawns VexEvoker
50%
Big angry pigHoglin
50%
Bigger than normalPiglin brute
50%
Part of raidsPillager/
Ravager
50%
Snow SketelonStray
50%
Found in the endShulker
38%
You must summon
it
Warden
25%

Score Distribution

Percentile by Number Answered

Percent of People with Each Score

Your Score History

You have not taken this quiz since the last reset